الفن و التوافق الجمالي / (رقم التسجيلة. 10180)

تفاصيل مارك
000 -LEADER
fixed length control field 00494nam a22001577a 4500
005 - DATE AND TIME OF LATEST TRANSACTION
control field 20251108164345.0
008 - FIXED-LENGTH DATA ELEMENTS--GENERAL INFORMATION
fixed length control field 250721s1984 xx 000 0 ara d
082 14 - DEWEY DECIMAL CLASSIFICATION NUMBER
Classification number 701.1/حسي
100 1# - MAIN ENTRY--PERSONAL NAME
Personal name الحسيني، نبيل
245 10 - TITLE STATEMENT
Title الفن و التوافق الجمالي /
264 1# - PRODUCTION, PUBLICATION, DISTRIBUTION, MANUFACTURE, AND COPYRIGHT NOTICE
Place of production, publication, distribution, manufacture الدوحه :
Name of producer, publisher, distributor, manufacturer مؤسسة الشرق للعلاقات العامه و النشر و الترجمه،
Date of production, publication, distribution, manufacture, or copyright notice 1984.
300 ## - PHYSICAL DESCRIPTION
Extent 257ص : مص
650 17 - SUBJECT ADDED ENTRY--TOPICAL TERM
Topical term or geographic name as entry element الفن
942 ## - ADDED ENTRY ELEMENTS (KOHA)
Source of classification or shelving scheme Dewey Decimal Classification
Koha item type كتب
المقتنيات
حالة السحب حالة الفقدان مصدر التصنيف حالة التلف غير قابل للإعارة المكتبة الرئيسية المكتبة الحالية موقع الرف تاريخ التزويد الرقم المتسلسل Total Checkouts رقم الإستدعاء الباركود تاريخ آخر ظهور تاريخ الفاتورة نوع المادة (كوها)
    Dewey Decimal Classification     مكتبة وادي السير العامة مكتبة وادي السير العامة الإعارة 10/03/2012 (1337)   701.1/حسي PLD00244112 28/07/2025 10/03/2012 كتب
Implemented & Customized by: BBB with SCIT (Smart Chains for Information Technology)

Powered by Koha